North American Cities by Sports Personas Quiz Stats

 Plays Quiz Updated Oct 18, 2018

Score 0/20 Timer 06:00
7 Plays Today
Team Personas Team City / Metro Area % Correct
Big Cats, Temperature, Sea MammalsMiami, Florida
83.9%
Sea Thieves, Birds, Metal Industry WorkersPittsburgh, Pennsylvania
81.1%
Scandinavians, Identical Siblings, MammalsMinneapolis-St. Paul, Minnesota
79.5%
Airplanes, Northerners, Island PeopleNew York City, New York
78.6%
Nationalists, Clothing Items, Irish CultureBoston, Massachusetts
75.3%
Large People, Soldiers, MinersSan Francisco Bay Area, California
73.9%
Snakes, Birds, Celestial BodiesPhoenix, Arizona
72.7%
Big Cats, Car Parts, Big CatsDetroit, Michigan
69.8%
Magic Users, Nationalists, Native AmericansWashington D.C.
69.4%
Locals, Space Transports, Space TerminologyHouston, Texas
67.5%
Team Personas Team City / Metro Area % Correct
Horses, Gold, Natural DisasterDenver, Colorado
66.8%
A Color, Native Americans, SwordsmenCleveland, Ohio
65.4%
Cattle Drivers, Horses, Celestial BodiesDallas, Texas
64.8%
Flora, Birds, DinosaursToronto, Canada
63.4%
Spiritual Beings, Lake People, RoyaltyLos Angeles, California
60.5%
Sea Thieves, Fish, WeatherTampa Bay, Florida
58.2%
Mammals, Clothing Items, Native AmericansChicago, Illinois
47.9%
Birds, Native Americans, BirdsAtlanta, Georgia
47%
Sailors, Bodies of Water, BirdsSeattle, Washington
37.7%
Locals, Birds, AirplanesPhiladelphia, Pennsylvania
33.8%

You're not logged in!

Compare scores with friends on all Sporcle quizzes.
OR
Log In

Sporcle TV

Today on Sporcle TV


Watch our educational content, quiz creation guides, and fun videos on Sporcle TV.

Show Comments

Extras

Top Quizzes Today


Score Distribution

Your Account Isn't Verified!

In order to create a playlist on Sporcle, you need to verify the email address you used during registration. Go to your Sporcle Settings to finish the process.

Report this User

Report this user for behavior that violates our Community Guidelines.

Details: